000 00342nam a2200121Ia 4500
008 240624s9999 xx 000 0 und d
041 _aeng
082 _a332.0415 NSE
100 _aNSEIL
245 _aCAPITAL MARKET DEALERS MODULE WORK BOOK
260 _c2003
_aMumbai
_bNational Stock Exchange of India Limited
300 _a221 : p. : cm. ; 24
999 _c13052
_d13052